000 00398nam a22001697a 4500
003 MPLRDC
005 20220104144126.0
008 210129b ||||| |||| 00| 0 eng d
082 _a868.71 FBF-3
100 _a方北方
245 _a火在那里烧
_c
250 _a初版
260 _a
_b东方文艺出版社
_c1976
300 _b
650 _a马华文学
942 _cBK
_o868.71 FBF-3
999 _c46603
_d46593